01003nam a2200217 a 450000100100000000500170001000800410002702000150006804000250008310000370010824501640014526000720030930000210038149000440040250400730044670000320051971000610055183000510061295201050066399900170076800004197220201002035848.0131007s2004 sp 000 0 spa d a8400083008 aDO-SdBNPbspacBNPHU1 aMoreno Cebrián, Alfredo96890510aEl Premio de ser virrey :blos intereses públicos y privados del gobierno virreinal en el Perú de FelipV /cAlfredo Moreno Cebrián y Núria Sala i Vila. aMadrid :bConsejo Superior de Investigaciones Científicas,c2004. a335 p. ;c25 cm.1 aBiblioteca de historia de Américav33 aIncluye referencias bibliográficas y notas al pie de las páginas1 aSala i Vila, Núria9660772 aConsejo Superior de Investigaciones Científicas,94786 0aBiblioteca de historia de Américav33966078 001050718MOaGRbGRcCTd2013-10-28iLF1l0o p41972-10r2020-06-25w2020-06-25y1ZNo se presta c41461d41461